01361nam a2200349Ia 4500001001200000003000800012006001900020007001500039008004100054010001700095020002300112020002600135020001800161040002100179035002100200050002700221082001600248245015000264260003400414300003800448504005100486533015200537650002200689650002300711650002300734655002900757700002200786700002600808700003400834710001700868856012600885ebr10577581CaPaEBRm u cr cn|||||||||110408s2012 njua sb 001 0 eng d z 2011015204 z0470258179 (cloth) z9780470258170 (cloth) z9781118116531 aCaPaEBRcCaPaEBR a(OCoLC)77128256714aRM301.25b.P757 2012eb04a615/.1922300aProtein and peptide mass spectrometry in drug discoveryh[electronic resource] /cedited by Michael L. Gross, Guodong Chen, Birendra N. Pramanik. aHoboken, NJ :bWiley,cc2012. axviii, 464 p. :bill. (some col.) aIncludes bibliographical references and index. aElectronic reproduction.bPalo Alto, Calif. :cebrary,d2011.nAvailable via World Wide Web.nAccess may be limited to ebrary affiliated libraries. 0aDrug development. 0aPeptidesxSpectra. 0aProteinsxSpectra. 7aElectronic books.2local1 aGross, Michael L.1 aChen, Guodong,d1966-1 aPramanik, Birendra N.,d1944-2 aebrary, Inc.40uhttp://site.ebrary.com/lib/rucke/Doc?id=10577581zAn electronic book accessible through the World Wide Web; click to view